00839nam 22002413 4500001000700000010002200007090001100029100004100040200009400081205000800175210004900183215003600232225001600268300007700284606003800361675002800399700001800427702002800445801001800473830001100491990001100502995008400513202847 a978-972-20-8392-8 a202847 a20260702d u||y0pory50 ba aTenho 1 Anoeo meu primeiro procura e encontraf[Disney]gilustrações Sandrine Lamour a1ª aAlfragidecPublicações Dom Quixoted2021 a[18] p.cil. ; cartonadod30 cm aDisney Baby aMais de 50 elementos escondidos. Um grande livro de brincar para bebés 947aLiteratura Infantil Americana a821.111(73)-93vPTzpor 9233a[Disney] 917698aLamourbSandrine aPTbBMMNgRPC cIsabel cLIVROS 002052026-07-02932660bBMMNf32370k821.111(73)-93 DIS|AIJo0rLIVROSsOferta